On freedom / (Record no. 750054)

MARC details
000 -LEADER
fixed length control field 00838cam a22002058i 4500
020 ## - INTERNATIONAL STANDARD BOOK NUMBER
ISBN 9781847928061
082 00 - DEWEY DECIMAL CLASSIFICATION NUMBER
Classification number 323.440 973 SNY/O
100 1# - MAIN ENTRY--AUTHOR NAME
Personal name Snyder, Timothy,
245 10 - TITLE STATEMENT
Title On freedom /
Statement of responsibility, etc by Timothy Snyder.
250 ## - EDITION STATEMENT
Edition statement First edition.
260 ## - PUBLICATION, DISTRIBUTION, ETC. (IMPRINT)
Place of publication . - UK
Name of publisher : Penguin Random house
Year of publication , 2024
300 ## - PHYSICAL DESCRIPTION
Number of Pages 1 online resource
500 ## - GENERAL NOTE
General note Includes index.
505 0# - FORMATTED CONTENTS NOTE
Formatted contents note Freedom -- Sovereignty -- Unpredictability -- Mobility -- Factuality -- Solidarity -- Government.
520 ## - SUMMARY, ETC.
Summary, etc "A brilliant exploration of freedom-what it is, how it's been misunderstood, and why it's our only chance for survival-by the acclaimed Yale historian and author of the #1 New York Times bestseller On Tyranny"--
650 #0 - SUBJECT ADDED ENTRY--TOPICAL TERM
Topical Term Liberty.
650 #0 - SUBJECT ADDED ENTRY--TOPICAL TERM
Topical Term Democracy
Geographic subdivision United States.
650 #0 - SUBJECT ADDED ENTRY--TOPICAL TERM
Topical Term Political culture
Geographic subdivision United States.
942 ## - ADDED ENTRY ELEMENTS (KOHA)
Source of classification or shelving scheme Dewey Decimal Classification
Koha item type Book
Holdings
Withdrawn status Lost status Source of classification or shelving scheme Damaged status Not for loan Home Library Current Location Date acquired Full call number Accession Number Price effective from Koha item type
    Dewey Decimal Classification     Dept. of Political Science Dept. of Political Science 06/02/2025 323.440 973 SNY/O POL23733 30/06/2025 Book